00321 2200133 4500001002100000005001500021035002000036245006300056300000800119260002800127082000800155084001200163990001200175INLIS00000000000262220250605025223 a0010-0625000208 aJalan Pintas Menjadi 7 Kali Lebih Cerdas /cLourel Schmidt a296 aBandung :bKaifa,c2002 a600 a600 JAL a0320145